000 00376nam a2200145Ia 4500
005 20251222175932.0
008 251222s9999||||xx |||||||||||||| ||spa||
020 _a789561704244
082 _a378.82/M42
100 _aMendoza, Jorge
245 0 _aLas Universidades Católicas:
250 _a1ra.ed.
264 _bEdiciones Universidad Católica de Valparaiso
942 _cLIB
999 _c41055
_d41055